[Event "Mitropa Cup Women"]
[Site "Merlimont FRA"]
[Date "2011.10.10"]
[Round "3"]
[White "Mareckova,M"]
[Black "Osmanodja,F"]
[Result "1-0"]
[WhiteElo "2153"]
[BlackElo "2039"]

1.e4 c5 2.Nc3 Nc6 3.Bb5 Nd4 4.Bc4 g6 5.Nf3 Bg7 6.Nxd4 cxd4 7.Qf3 Nh6 8.Ne2 O-O
9.d3 Ng4 10.Bb3 d6 11.Qg3 a5 12.a4 Qb6 13.O-O Kh8 14.h3 Nf6 15.f4 e6 16.f5 exf5
17.Bg5 Nh5 18.Qh4 f6 19.Bd2 fxe4 20.g4 exd3 21.Nc1 dxc2 22.gxh5 g5 23.Qg3 d3+
24.Kh2 h6 25.Qxd3 f5 26.Bc3 Be5+ 27.Bxe5+ dxe5 28.Bxc2 Qf6 29.Ne2 b6 30.Rad1 Be6
31.Ng3 Rad8 32.Qf3 Rxd1 33.Rxd1 e4 34.Qc3 Qxc3 35.bxc3 Rc8 36.Ne2 Rc6 37.Rd8+ Kg7
38.Nd4 Rxc3 39.Nxe6+ Kf6 40.Nd4 Ke5 41.Bb3 e3 42.Nf3+ Kf4 43.Bd1 e2 44.Bxe2 Rc2
45.Ng1 Ke3 46.Rd6 f4 47.Rxh6 f3 48.Re6+ Kf2 49.Rf6  1-0

[Event "49th ch-IND NatA"]
[Site "Aurangabad IND"]
[Date "2011.10.11"]
[Round "3"]
[White "Gopal,G"]
[Black "Venkatesh,M"]
[Result "1/2-1/2"]
[WhiteElo "2572"]
[BlackElo "2479"]

1.e4 c5 2.Nf3 Nc6 3.Nc3 e5 4.Bc4 Be7 5.d3 Nf6 6.Nd2 d6 7.Nf1 Bg4 8.f3 Be6
9.Ne3 a6 10.Ncd5 b5 11.Bb3 O-O 12.O-O Na5 13.Nxf6+ Bxf6 14.Bd5 Rc8 15.g3 c4
16.dxc4 Nxc4 17.Nxc4 Bxd5 18.Qxd5 Rxc4 19.c3 Qb6+ 20.Kg2 Rfc8 21.a3 a5 22.Rd1 Be7
23.Bd2 h6 24.Be1 Qb8 25.Bf2 R8c7 26.Rd2 Rb7 27.Be3 Qc8 28.Bf2 Qb8 29.Be3 Qc8
30.Bf2 Qb8  1/2-1/2

[Event "20th TCh-CRO 1a"]
[Site "Sibenik CRO"]
[Date "2011.10.11"]
[Round "8.4"]
[White "Biti,O"]
[Black "Cvitan,O"]
[Result "1/2-1/2"]
[WhiteElo "2398"]
[BlackElo "2507"]

1.e4 c5 2.Nc3 Nc6 3.Bb5 Nd4 4.Bc4 e6 5.Nf3 Nf6 6.O-O a6 7.d3 b5 8.Bb3 Nxb3
9.axb3 Bb7 10.e5 b4 11.Na4 Nd5 12.d4 cxd4 13.Qxd4 Be7 14.c4 bxc3 15.bxc3 O-O
16.Bd2 d6 17.exd6 Qxd6 18.c4 Nf6 19.Qxd6 Bxd6 20.Bc3 Ne4 21.Ba5 Bc6 22.Nd2 Nxd2
23.Bxd2 Rab8 24.Rfb1 Rfd8 25.Bc3 Be7 26.b4 h5 27.Nc5 Bxc5  1/2-1/2

[Event "Mitropa Cup Women"]
[Site "Merlimont FRA"]
[Date "2011.10.12"]
[Round "6"]
[White "Novkovic,J"]
[Black "Ohme,M"]
[Result "1/2-1/2"]
[WhiteElo "2053"]
[BlackElo "2344"]

1.e4 c5 2.Nc3 Nc6 3.Nge2 d6 4.d4 cxd4 5.Nxd4 Nf6 6.Bg5 e6 7.Qd2 Qb6 8.O-O-O Qxd4
9.Qxd4 Nxd4 10.Rxd4 a6 11.Bxf6 gxf6 12.Na4 e5 13.Nb6 Rb8 14.Rc4 Be6 15.Nd5 Bh6+
16.Kb1 Kf8 17.Rc7 f5 18.Nb6 Ke8 19.exf5 Kd8 20.fxe6 Kxc7 21.Nd5+ Kc6 22.Ne7+ Kc5
23.Nf5 Bg5 24.exf7 Rhf8 25.Ng7 Bh6 26.Ne6+ Kc6 27.Nxf8 Rxf8 28.f3 Rxf7 29.Bd3 Rg7
30.g3 Rf7 31.c4 Kc5 32.Be4 Be3 33.Rd1 Bd4 34.Bd5 Re7 35.a3 b5 36.b4+ Kb6
37.cxb5 axb5 38.Rc1 Rc7 39.Rxc7 Kxc7 40.Kc2 Bg1 41.h3 Bh2 42.g4 Bf4 43.Kb3 Bg5
44.a4 bxa4+ 45.Kxa4 Kb6 46.Kb3 h6 47.Kc4 Bh4 48.Bf7 Be1 49.Be8 Ka6 50.b5+ Kb6
51.Kd5 Bg3 52.Bc6 Kc7 53.Ke6 Kb6 54.Be4 Kxb5 55.Kxd6 Kb6 56.Ke6 Kc7 57.Kf5 Kd7
58.Kg6 Bf4 59.Kf7 Bg5 60.Bf5+ Kd6 61.Be6 Bh4 62.Bb3 Bg5 63.Ba2 Kd7 64.Bd5 Kd6
65.Be4 Kd7 66.Bf5+ Kd6 67.Kf8 Bf6 68.Kf7 Bg5 69.Kg7 Ke7 70.Kg6 Kf8 71.Be6 Ke7
72.Bb3 Kf8 73.h4 Bxh4 74.Kxh6 Be7 75.Bd5 Bd8 76.Kg6 Be7 77.Kf5 Bd6 78.Ke6 Bc7
79.Kf6 Bd6 80.Bc4 Bc7 81.Bf7 Bd6 82.Be6 Bc7 83.Kg6 Bd8 84.Kh7 Bg5 85.Bd5 Bd8
86.Be4 Be7 87.Bc2 Bd8 88.Bb3 Be7 89.Kg6 Bd8 90.Kf5 Bc7 91.Kf6 Bd6 92.Bc2 Bc7
93.Bh7 Bd6 94.Be4 Bc7 95.Bd5 Bd6 96.Ke6 Bc7 97.Kf6 Bd6 98.Kg6 Bc7 99.g5 Bd8
100.Kh6 Be7 101.Kg6 Bd8 102.Bf7 Be7  1/2-1/2

[Event "20th TCh-CRO 1a"]
[Site "Sibenik CRO"]
[Date "2011.10.12"]
[Round "9.1"]
[White "Rogulj,B"]
[Black "Paljusaj,E"]
[Result "1/2-1/2"]
[WhiteElo "2394"]
[BlackElo "2335"]

1.e4 c5 2.Nc3 Nc6 3.Bb5 Qc7 4.Nf3 e6 5.Bxc6 bxc6 6.O-O Ne7 7.Re1 e5 8.d3 Ng6
9.Ne2 Be7 10.Ng3 O-O 11.b3 d6 12.c3 f5 13.exf5 Bxf5 14.Nxf5 Rxf5 15.d4 exd4
16.cxd4 cxd4 17.Nxd4 Rd5 18.Bb2 Bf6 19.Qg4 Qf7 20.Qe4 Rf8 21.Rab1 Be5 22.Nf3 Bxb2
23.Rxb2 Ne5 24.Nxe5 Rxe5 25.Qb1 Rfe8 26.Rxe5 Rxe5 27.Rd2 Qe6 28.Rd1 c5 29.Kf1 d5
30.Qd3 h6 31.h3 Qf6 32.Kg1 Qe6 33.Kf1 Qf6  1/2-1/2

[Event "Indonesia Open"]
[Site "Jakarta INA"]
[Date "2011.10.13"]
[Round "1.18"]
[White "Cao,S"]
[Black "Simbolon,Firman"]
[Result "1-0"]
[WhiteElo "2529"]
[BlackElo "2257"]

1.e4 c5 2.Nc3 Nc6 3.Bb5 a6 4.Bxc6 bxc6 5.Nf3 d6 6.h3 e5 7.a3 Rb8 8.O-O Be7
9.b4 cxb4 10.axb4 Bf6 11.Rb1 Ne7 12.d3 O-O 13.Be3 a5 14.b5 cxb5 15.Nxb5 Nc6
16.c4 Be7 17.d4 exd4 18.Nfxd4 Nxd4 19.Qxd4 Be6 20.Rfd1 a4 21.Qd3 Qd7 22.Rb4 Ra8
23.f4 Qb7 24.Bd4 d5 25.c5 dxe4 26.Qc3 f6 27.f5 Bf7 28.Be3 Qc6 29.Nd6 Rfd8
30.Rb6 Qc7 31.Qa3 Bxd6 32.cxd6 Qd7 33.Rd4 Bb3 34.Rxe4 Qxf5 35.Re7 Rd7 36.Rxb3 Rxd6
37.Rbb7 Rd1+ 38.Kh2 Kh8 39.Qxa4 Rdd8 40.Qf4 Qxf4+ 41.Bxf4 Ra4 42.Be3 Ra3
43.Rbd7 Rc8 44.Bd4 Ra4 45.Rc7 Rd8 46.Bc3 Ra3 47.Bb4 Rb3 48.Rcd7 Rf8 49.Bc5 Rb5
50.Bd4 Rf5 51.g4 Rf1 52.g5 Rd1 53.gxf6 Rd2+ 54.Kg3 gxf6 55.Kf3  1-0

[Event "TCh-MNE 1st League"]
[Site "Tivat MNE"]
[Date "2011.10.13"]
[Round "6.2"]
[White "Petijevic,V"]
[Black "Tadic,Br"]
[Result "1/2-1/2"]
[WhiteElo "2311"]
[BlackElo "2486"]

1.e4 c5 2.Nc3 Nc6 3.Nge2 e5 4.Nd5 Nge7 5.Nec3 d6 6.Bc4 Nxd5 7.Nxd5 Be7 8.d3 O-O
9.O-O Bg5 10.Be3 Kh8 11.Qh5 Bxe3 12.fxe3 Be6 13.Nc3 Qd7 14.Rf2 Ne7 15.Raf1 f6
16.Bxe6 Qxe6 17.Rf3 a6 18.Rh3 h6 19.g4 b5 20.Rhf3 Kg8 21.h4 Rf7 22.Nd5 Nxd5
23.exd5 Qxd5 24.e4 Qd4+ 25.Kh1 Raf8 26.c3 Qa4 27.g5 hxg5 28.hxg5 g6 29.Qxg6+ Rg7
30.Qf5 Rxg5 31.Qe6+ Kg7 32.Rh3 Qc2 33.Qe7+ Rf7 34.Rh7+ Kxh7 35.Qxf7+ Rg7
36.Qh5+ Kg8 37.Qe8+ Kh7  1/2-1/2

[Event "Lichtenrader Autumn"]
[Site "Berlin GER"]
[Date "2011.10.14"]
[Round "7.7"]
[White "Hein,C"]
[Black "Kachibadze,Ge"]
[Result "1-0"]
[WhiteElo "2178"]
[BlackElo "2340"]

1.e4 c5 2.Nc3 Nc6 3.Nf3 d6 4.d4 cxd4 5.Nxd4 Nf6 6.Bg5 e6 7.Qd2 Be7 8.f4 O-O
9.O-O-O Nxd4 10.Qxd4 Qa5 11.Bd3 e5 12.Qa4 Qxa4 13.Nxa4 h6 14.Bxf6 Bxf6 15.f5 Bd7
16.Nc3 Rfc8 17.Kb1 a6 18.g4 b5 19.h4 Bc6 20.Be2 Be7 21.Nd5 Bxd5 22.Rxd5 Rc6
23.a3 Rac8 24.c3 Rc5 25.Rhd1 R8c6 26.h5 Rxd5 27.Rxd5 Bd8 28.Bd1 Bc7 29.Kc2 Kf8
30.Kd3 Ke7 31.Ke2 Kf6 32.Kf3 Kg5 33.Bb3 Bb6 34.Rd3 Kf6 35.a4 Ke7 36.Rd1 b4
37.Bd5 Rc7 38.c4 Bd4 39.b3 Kf6 40.Rh1 Kg5 41.Rh2 a5 42.Rh3 Bc3 43.Rh2 Re7
44.Rh1 Bd2 45.Rd1 Bf4 46.Bc6 g6 47.hxg6 fxg6 48.fxg6 Kxg6 49.Rxd6+ Kg5 50.Bd7 h5
51.gxh5 Kxh5 52.c5 Rg7 53.Be8+ Kh4 54.Bg6 Bh2 55.c6 Bg1 56.Ke2 Bb6 57.Kd3 Bc7
58.Re6 Kg5 59.Bf5 Kf4 60.Bg6 Kg5 61.Be8 Rh7 62.Kc4 Rh3 63.Bf7 Kf4 64.Re7 Rc3+
65.Kb5 Bb8 66.Bd5  1-0

[Event "Indonesia Open"]
[Site "Jakarta INA"]
[Date "2011.10.14"]
[Round "2.29"]
[White "Pamungkas,J"]
[Black "Tirto"]
[Result "0-1"]
[WhiteElo "2240"]
[BlackElo "2322"]

1.e4 c5 2.Nf3 Nc6 3.Nc3 d6 4.d4 cxd4 5.Nxd4 Nf6 6.Be2 e5 7.Nb3 Be6 8.O-O a5
9.a4 Be7 10.Be3 O-O 11.f4 Nb4 12.f5 Bd7 13.g4 Bc6 14.Bf3 d5 15.g5 Nxe4 16.Bxe4 dxe4
17.f6 Qxd1 18.Raxd1 Bd8 19.Bc5 Nxc2 20.Bxf8 Kxf8 21.fxg7+ Kxg7 22.h4 Bb6+
23.Kh2 Ne3 24.Rf6 Ng4+ 25.Kg3 Nxf6 26.gxf6+ Kxf6 27.Rd6+ Ke7 28.Rh6 Rg8+  0-1

[Event "Indonesia Open"]
[Site "Jakarta INA"]
[Date "2011.10.14"]
[Round "3.22"]
[White "Krivec,J"]
[Black "Juswanto,D"]
[Result "1/2-1/2"]
[WhiteElo "2290"]
[BlackElo "2428"]

1.e4 c5 2.Nc3 Nc6 3.Bb5 Nd4 4.Bc4 e6 5.Nf3 Ne7 6.Nxd4 cxd4 7.Ne2 Nc6 8.d3 b5
9.Bb3 Bb7 10.O-O Bc5 11.f4 Na5 12.Ng3 Nxb3 13.cxb3 g6 14.f5 Bd6 15.Qf3 gxf5
16.Qh5 Qc7 17.Ne2 Be5 18.exf5 O-O-O 19.Bf4 Rhg8 20.Bg3 Bxg3 21.Nxg3 Rxg3
22.hxg3 Qxg3 23.Rac1+ Kb8 24.Qh2 Rg8 25.Rf2 e5 26.Qxg3 Rxg3 27.Rd1 h5 28.Kh2 h4
29.b4 f6 30.Rfd2 Kc7 31.Rh1 Re3 32.Rg1 Rg3 33.Rh1 Re3 34.Rg1 Rg3  1/2-1/2

[Event "III Curitiba ITT"]
[Site "Curitiba BRA"]
[Date "2011.10.15"]
[Round "3"]
[White "Gonzalez,Bo"]
[Black "Choma,E"]
[Result "0-1"]
[WhiteElo "2253"]
[BlackElo "2350"]

1.e4 c5 2.Nf3 Nc6 3.Nc3 Nf6 4.e5 Ng4 5.Qe2 d6 6.exd6 e6 7.Qc4 e5 8.b3 Bxd6
9.Bb2 O-O 10.h3 Nf6 11.O-O-O Nd4 12.Nxd4 cxd4 13.Nb5 Bb8 14.c3 a6 15.Na3 b5
16.Qd3 Bb7 17.Re1 dxc3 18.dxc3 Qxd3 19.Bxd3 Bxg2 20.Rhg1 Bxh3 21.c4 b4 22.Nc2 a5
23.f4 Be6 24.fxe5 Nd7 25.Nd4 Bxe5 26.Kb1 Bf6 27.Nxe6 fxe6 28.Rxe6 Bxb2 29.Kxb2 Nc5
30.Rd6 Rad8 31.Rxd8 Rxd8 32.Bc2 g6 33.Rg5 Rc8 34.Rd5 Kg7 35.a3 Rc6 36.axb4 axb4
37.Rd8 h5 38.Rb8 h4 39.Bd1 Rf6 40.Rb5 Rf2+ 41.Kb1 Rf1 42.Kc2 h3 43.Rxc5 h2
44.Rc7+ Kf6 45.Rh7 h1=Q 46.Rxh1 Rxh1 47.c5 Rxd1  0-1

[Event "Mitropa Cup Women"]
[Site "Merlimont FRA"]
[Date "2011.10.15"]
[Round "9.1"]
[White "Novkovic,J"]
[Black "Olsarova,T"]
[Result "1-0"]
[WhiteElo "2053"]
[BlackElo "2244"]

1.e4 c5 2.Nc3 Nc6 3.Nge2 Nf6 4.g3 e5 5.Bg2 d6 6.O-O h5 7.f4 h4 8.f5 hxg3
9.Nxg3 Qb6 10.Nd5 Nxd5 11.exd5 Ne7 12.c4 Bd7 13.f6 gxf6 14.Rxf6 O-O-O 15.Rxf7 Ng6
16.d3 Bh6 17.Bxh6 Rxh6 18.Qb3 Qa6 19.Be4 Nf4 20.Bf5 Bxf5 21.Nxf5 Ne2+ 22.Kh1 Nd4
23.Nxd4 cxd4 24.Raf1 Qb6 25.Qxb6 axb6 26.Rf8 Rh3 27.Rxd8+ Kxd8 28.Rd1 Re3
29.Rd2 Ke7 30.Kg2 Kf6 31.Kf2 Kf5 32.b4 Kf4 33.Kf1 e4 34.dxe4 d3 35.c5 bxc5
36.bxc5 dxc5 37.d6 Rf3+ 38.Kg2 Kxe4 39.Rf2 d2 40.Re2+ Kd5  1-0

[Event "Chigorin Memorial Open"]
[Site "St Petersburg RUS"]
[Date "2011.10.15"]
[Round "2.92"]
[White "Pashinsky,M"]
[Black "Sazonova,A"]
[Result "1-0"]
[WhiteElo "2228"]
[BlackElo "1963"]

1.e4 c5 2.Nc3 Nc6 3.Bb5 g6 4.Bxc6 dxc6 5.d3 Bg7 6.Be3 b6 7.h3 e6 8.Nf3 Ne7
9.Qd2 f5 10.Bh6 O-O 11.O-O-O Re8 12.Bxg7 Kxg7 13.h4 h5 14.Qf4 Ng8 15.d4 Qe7
16.exf5 cxd4 17.Qe5+ Qf6 18.Rxd4 c5 19.Rd6 Qxe5 20.Nxe5 gxf5 21.Re1 Bb7 22.Ne2 Nf6
23.Nf4 Bc8 24.f3 Kf8 25.Nfg6+ Kg7 26.c4 Ba6 27.Nf4 Bc8 28.Re3 Kf8 29.Nfg6+ Kg7
30.Ra3 Nd7 31.Rad3 Nxe5 32.Nxe5 Kf6 33.f4 Re7 34.Rd8 Bb7 35.Rg3 Rh7 36.Rg6+  1-0

[Event "Chigorin Memorial Open"]
[Site "St Petersburg RUS"]
[Date "2011.10.15"]
[Round "2.54"]
[White "Malakhov,I"]
[Black "Lisitsin,B"]
[Result "1-0"]
[WhiteElo "2428"]
[BlackElo "1977"]

1.e4 c5 2.Nf3 Nc6 3.Nc3 g6 4.d4 cxd4 5.Nxd4 Bg7 6.Be3 d6 7.Qd2 Nf6 8.f3 O-O
9.Bc4 Bd7 10.O-O-O Ne5 11.Bb3 Rc8 12.h4 Nc4 13.Bxc4 Rxc4 14.Kb1 h5 15.Nde2 a6
16.Bh6 b5 17.Bxg7 Kxg7 18.Nf4 Qa5 19.Ncd5 Qxd2 20.Rxd2 Nxd5 21.Nxd5 Re8 22.b3 Rc5
23.Kb2 Be6 24.Nf4 Kf6 25.Ra1 Rec8 26.a4 Rb8 27.Nd3 Rcc8 28.Nb4 a5 29.Nd5+ Bxd5
30.Rxd5 b4 31.Rxa5 Rc3 32.Rd1 Ke6 33.Rd2 f6 34.Rad5 Rc7 35.f4 f5 36.e5 dxe5
37.Rxe5+ Kf6 38.Rd4 Rbc8 39.Re2 Rb8 40.Rc4 Rd7 41.Rc6+ Rd6 42.Rxd6+ exd6
43.c3 bxc3+ 44.Kxc3 Rc8+ 45.Kd4 Rb8 46.Kc4 Rc8+ 47.Kb4 Rb8+ 48.Ka3 d5 49.a5  1-0

[Event "TCh-ROU Superliga 2011"]
[Site "Brasov ROU"]
[Date "2011.10.16"]
[Round "9.2"]
[White "Thesing,M"]
[Black "Raceanu,V"]
[Result "1/2-1/2"]
[WhiteElo "2404"]
[BlackElo "2417"]

1.e4 c5 2.Nc3 Nc6 3.Bb5 Nd4 4.Bc4 e6 5.Nge2 Ne7 6.O-O Nec6 7.d3 a6 8.a4 b6
9.Nxd4 cxd4 10.Ne2 Bb7 11.Bd2 Bc5 12.Qe1 Qe7 13.Rb1 a5 14.c3 O-O 15.Bb5 f5
16.Bxc6 Bxc6 17.cxd4 Bb4 18.Nc3 Qd6 19.d5 exd5 20.Nxd5 Bxd5 21.exd5 Bxd2
22.Qxd2 Qxd5 23.Qf4 b5 24.axb5 Qxb5 25.Qd4 Rab8 26.Rfe1 Rfe8 27.g3 h6 28.Rxe8+ Rxe8
29.Qc4+ Qxc4 30.dxc4 f4 31.Kf1 fxg3 32.hxg3 a4 33.Ra1 Rb8 34.Rxa4 Rxb2 35.Ra7 Rc2  1/2-1/2

[Event "Indonesia Open"]
[Site "Jakarta INA"]
[Date "2011.10.16"]
[Round "5.31"]
[White "Krivec,J"]
[Black "Kadek,I"]
[Result "1/2-1/2"]
[WhiteElo "2290"]
[BlackElo "1983"]

1.e4 c5 2.Nc3 Nc6 3.Bb5 g6 4.Bxc6 bxc6 5.d3 Bg7 6.f4 d6 7.Nf3 Nh6 8.O-O f6
9.f5 Nf7 10.fxg6 hxg6 11.Qe1 g5 12.Be3 Bd7 13.Qg3 Qc8 14.e5 g4 15.exd6 exd6
16.Ne4 Qb8 17.Nh4 d5 18.Nxc5 Qxg3 19.hxg3 Bc8 20.Ng6 Rh5 21.Rae1 Kd8 22.Bd4 Rf5
23.Nf4 Ng5 24.Re2 Bf8 25.Nfe6+ Nxe6 26.Nxe6+ Bxe6 27.Rxe6 Rxf1+ 28.Kxf1 c5
29.Bxf6+ Kd7 30.Ra6 Bd6 31.Bh4 Be5 32.c3 Rb8 33.Rxa7+ Ke6 34.Re7+ Kd6 35.b3 Bxc3
36.Ke2 Ra8 37.a4 Rb8 38.Ra7 Rxb3 39.Be7+ Kc6 40.Ra6+ Kb7 41.Rg6 Bd4 42.Rxg4 Rb2+
43.Kd1 Rb1+ 44.Kc2 Rb2+ 45.Kc1 Rxg2 46.Rg6 Ra2 47.Rd6 Rxa4 48.Rxd5 Kc6 49.Rd6+ Kb5
50.g4 Be3+  1/2-1/2

[Event "II Oliver Gonzalez Memorial"]
[Site "Madrid ESP"]
[Date "2011.10.16"]
[Round "9.20"]
[White "Cavalle Pulla,D"]
[Black "Suarez Uriel,A"]
[Result "0-1"]
[WhiteElo "1987"]
[BlackElo "2197"]

1.e4 c5 2.Nc3 Nc6 3.Bb5 Nd4 4.Bc4 g6 5.Nf3 Bg7 6.O-O e6 7.Nxd4 cxd4 8.Ne2 Ne7
9.d3 O-O 10.Kh1 d5 11.Bb3 dxe4 12.dxe4 b6 13.Ng3 Bb7 14.Bd2 Qd6 15.Qc1 a5
16.a4 Rac8 17.Bh6 Nc6 18.Bxg7 Kxg7 19.Qd2 Rfd8 20.Rad1 Ba6 21.Rfe1 e5 22.Qg5 Kh8
23.h4 Qe7 24.Qg4 h5 25.Qh3 Qf6 26.Kg1 d3 27.cxd3 Nd4 28.Bd5 Rc2 29.f3 Bc8
30.Qh1 Qf4 31.Nf1 Ne2+ 32.Rxe2 Rxe2 33.g3 Qf6 34.Nd2 Re3 35.Bc4 Be6 36.Kf2 Bxc4
37.Kxe3 Rxd3+ 38.Kf2 Qd8 39.Qe1 Bb3 40.Nxb3 Rxd1 41.Qc3 Qd6 42.f4 Rd3 43.fxe5 Rxc3
44.exd6 Rd3 45.Ke2 Rxd6 46.Ke3 Kg7 47.Nd4 Kf6 48.b3 Ke5 49.Nf3+ Ke6 50.Ng5+ Ke7
51.Nf3 Rd1 52.Nd4 Kd6 53.Nb5+ Ke5  0-1

[Event "Mitropa Cup"]
[Site "Merlimont FRA"]
[Date "2011.10.16"]
[Round "9.4"]
[White "Bokros,A"]
[Black "Nuri,Kam"]
[Result "0-1"]
[WhiteElo "2452"]
[BlackElo "2309"]

1.e4 c5 2.Nc3 Nc6 3.Nge2 Nf6 4.d4 cxd4 5.Nxd4 Qb6 6.Nb3 e6 7.Be3 Qc7 8.Qd2 a6
9.O-O-O d6 10.f3 Be7 11.g4 O-O 12.Kb1 b5 13.h4 Bb7 14.h5 Nd7 15.g5 Nce5 16.Qf2 Rac8
17.Rc1 d5 18.exd5 b4 19.Ne4 Bxd5 20.Rg1 a5 21.Nd4 Nc4 22.Nb5 Qb8 23.Ba7 Qxb5  0-1

[Event "Chigorin Memorial Open"]
[Site "St Petersburg RUS"]
[Date "2011.10.16"]
[Round "3.31"]
[White "Shomoev,A"]
[Black "Zozulia,A"]
[Result "1-0"]
[WhiteElo "2577"]
[BlackElo "2377"]

1.e4 c5 2.Nf3 Nc6 3.Nc3 e5 4.Bc4 d6 5.d3 Be7 6.O-O Bg4 7.h3 Bh5 8.Nd5 Nf6
9.Ne3 O-O 10.a3 Nd7 11.c3 a6 12.Ba2 b5 13.Nf5 Nb6 14.Be3 Rc8 15.Re1 Kh8 16.g4 Bg6
17.Qe2 Re8 18.Rad1 Bxf5 19.gxf5 d5 20.Kh1 Rc7 21.Rg1 Rd7 22.Nh2 d4 23.cxd4 exd4
24.Bc1 Bf8 25.f4 c4 26.e5 f6 27.Nf3 Rd5 28.dxc4 bxc4 29.b3 d3 30.Qg2 c3 31.Be3 Ne7
32.b4 c2 33.Rd2 Qc8 34.exf6 Nxf5 35.Bxb6 c1=Q 36.Bxd5 Q1c3 37.Bd4 Q3c7 38.Be5 Q7d7
39.Rxd3 g6 40.Ng5 Nh6 41.Be6 Qxd3 42.Bxc8 Rxc8 43.Qb7  1-0

[Event "Chigorin Memorial Open"]
[Site "St Petersburg RUS"]
[Date "2011.10.16"]
[Round "3.71"]
[White "Zamyshlyaev,A"]
[Black "Sichinava,Z"]
[Result "0-1"]
[WhiteElo "2067"]
[BlackElo "2372"]

1.e4 c5 2.Nc3 Nc6 3.Nf3 g6 4.g3 Bg7 5.Bg2 Nh6 6.d3 O-O 7.O-O d6 8.h3 f5 9.Ng5 Nd4
10.Ne2 e5 11.c3 Nxe2+ 12.Qxe2 Kh8 13.exf5 Nxf5 14.Bd5 Qe7 15.a4 h6 16.Ne4 Be6
17.Bxe6 Qxe6 18.Kg2 b6 19.c4 Nd4 20.Qg4 Qf5 21.Be3 Nc2 22.Rad1 Rad8 23.Qe2 Nb4
24.Bd2 Nc6 25.Nc3 Nb4 26.Ne4 d5 27.Bxb4 cxb4 28.g4 Qd7 29.cxd5 Qxa4 30.d6 Rf7
31.Ra1 Qc6 32.Rfc1 Qb7 33.Qc2 Qd5 34.Kg1 b5 35.Ra6 Rf3 36.Rd1 Rdf8 37.Rd2 Rxh3
38.Rxa7 Qe6 39.d7 Qxg4+ 40.Ng3 Rxg3+  0-1

[Event "TCh-FIN SM-Liiga 2011-12"]
[Site "Vantaa FIN"]
[Date "2011.10.16"]
[Round "4.5"]
[White "Paakkonen,T"]
[Black "Hamalainen,S"]
[Result "1-0"]
[WhiteElo "2277"]
[BlackElo "2266"]

1.e4 c5 2.Nc3 Nc6 3.Nge2 Nf6 4.g3 g6 5.Bg2 Bg7 6.O-O O-O 7.h3 e5 8.d3 h6
9.f4 d6 10.Be3 Nd4 11.Qd2 Kh7 12.g4 Bxg4 13.hxg4 Nxg4 14.Bxd4 cxd4 15.Nd5 f5
16.Qe1 Rc8 17.Rc1 Qe8 18.Bh3 exf4 19.Nexf4 Be5 20.exf5 gxf5 21.Qh4 Rg8 22.Qe7+ Rg7
23.Qxe8 Rxe8 24.Kh1 Reg8 25.Rf3 Rg5 26.Re1 h5 27.Ne6 R5g6 28.Nef4 Rg5 29.c3 dxc3
30.bxc3 Bxf4 31.Rxf4 Ne5 32.Nf6+ Kg7 33.Nxg8 Nxd3 34.Re7+ Kxg8 35.Rxf5 Rg3
36.Bg2  1-0

[Event "Chigorin Memorial Open"]
[Site "St Petersburg RUS"]
[Date "2011.10.17"]
[Round "4.40"]
[White "Bazeev,G"]
[Black "Gladyszev,O"]
[Result "0-1"]
[WhiteElo "2291"]
[BlackElo "2463"]

1.e4 c5 2.Nf3 Nc6 3.Nc3 g6 4.d4 cxd4 5.Nxd4 Bg7 6.Be3 Nf6 7.Bc4 Qa5 8.O-O O-O
9.Bb3 d6 10.Nd5 Nxd5 11.exd5 Ne5 12.h3 Nd7 13.c3 Nf6 14.c4 Bd7 15.Qd3 Rfc8
16.Rfe1 Kf8 17.g4 Be8 18.Qe2 Qc7 19.Rac1 a5 20.a4 Ne4 21.Qf3 Nc5 22.Bc2 Kg8
23.b3 Bd7 24.Re2 Rf8 25.Rd1 Rae8 26.Qg3 e5 27.dxe6 Nxe6 28.Nxe6 Rxe6 29.c5 Be5
30.f4 Bc3 31.f5 Re5 32.Rxd6 Rfe8 33.fxg6 hxg6 34.Bxg6 fxg6 35.Rxg6+ Kf7 36.Rd6 Kg8
37.Qf4 Be6 38.Rf2 Qg7 39.c6 bxc6 40.Rxc6 Rd5 41.Rc7 Qe5 42.Qxe5 Bxe5 43.Rb7 Rd1+
44.Rf1 Bh2+ 45.Kxh2 Rxf1 46.Bd4 Rf3  0-1

[Event "Chigorin Memorial Open"]
[Site "St Petersburg RUS"]
[Date "2011.10.17"]
[Round "4.29"]
[White "Demchenko,A"]
[Black "Ageichenko,G"]
[Result "1-0"]
[WhiteElo "2574"]
[BlackElo "2343"]

1.e4 c5 2.Nf3 Nc6 3.Nc3 d6 4.d4 cxd4 5.Nxd4 Nf6 6.Bg5 e6 7.Qd2 a6 8.O-O-O h6
9.Be3 Be7 10.f3 Nxd4 11.Bxd4 b5 12.Kb1 Rb8 13.g4 b4 14.Ne2 e5 15.Ba7 Rb7
16.Be3 Be6 17.Nc1 a5 18.h4 Qc7 19.Ba6 Rb8 20.g5 Nh5 21.gxh6 g6 22.Ne2 a4
23.c4 bxc3 24.Qxc3 Qxc3 25.Nxc3 a3 26.b3 O-O 27.Nd5 Bd8 28.Bc1 Ra8 29.Bc4 Kh7
30.Kc2 Bxd5 31.Rxd5 Be7 32.Rb5 Ra7 33.Be3 Rc7 34.Bb6 Rc6 35.Ba5 Nf4 36.Rb7 d5
37.exd5 Nxd5 38.Kb1 Rc5 39.Bd2 Bf6 40.Rc1 Kg8 41.b4 Rxc4 42.Rxc4 Rd8 43.Kc2 Ne7
44.Bg5  1-0

[Event "Indonesia Open"]
[Site "Jakarta INA"]
[Date "2011.10.18"]
[Round "8.37"]
[White "Gu Xiaobing"]
[Black "Simbolon,Firman"]
[Result "1-0"]
[WhiteElo "2335"]
[BlackElo "2257"]

1.e4 c5 2.Nc3 Nc6 3.Bb5 e6 4.Bxc6 bxc6 5.e5 f6 6.d3 fxe5 7.Qh5+ g6 8.Qxe5 Qf6
9.Qg3 Nh6 10.Ne4 Qg7 11.Bg5 Nf5 12.Qc7 Be7 13.Bxe7 Qxe7 14.g4 O-O 15.O-O-O Nd4
16.g5 e5 17.Re1 Nb5 18.Qa5 d6 19.Nf6+ Kg7 20.f4 Rb8 21.fxe5 d5 22.h4 Qb7
23.h5 Bf5 24.b3 c4 25.dxc4 dxc4 26.Nf3 cxb3 27.axb3 c5 28.Rhf1 c4 29.b4 Rfd8
30.e6 Qe7 31.Ne5 Qd6 32.h6+ Kf8 33.e7+ Qxe7 34.Nxg6+ Bxg6 35.Nxh7+ Ke8 36.Nf6+ Kf8
37.Nd7+  1-0

[Event "Chigorin Memorial Open"]
[Site "St Petersburg RUS"]
[Date "2011.10.18"]
[Round "5.72"]
[White "Dzhangobegov,V"]
[Black "Ezov,R"]
[Result "1-0"]
[WhiteElo "2333"]
[BlackElo "2170"]

1.e4 c5 2.Nc3 Nc6 3.Nf3 g6 4.d4 cxd4 5.Nxd4 Bg7 6.Be3 Nh6 7.f3 f5 8.Qd2 f4
9.Bf2 O-O 10.O-O-O Nf7 11.g3 Bh6 12.Bc4 Kh8 13.Nxc6 bxc6 14.Ne2 fxg3 15.Bd4+ e5
16.Qxh6 d5 17.Bxe5+ Nxe5 18.hxg3 Qe7 19.Bb3 Rxf3 20.exd5 Ng4 21.d6 Qg7 22.Qxg7+ Kxg7
23.d7 Ba6 24.Nd4 Rf6 25.Ne6+ Rxe6 26.Bxe6 Nf2 27.d8=Q Rxd8 28.Rxh7+ Kxh7
29.Rxd8 Ne4 30.Rd7+ Kh6 31.Rxa7 Be2 32.Ra3  1-0

[Event "49th ch-IND NatA"]
[Site "Aurangabad IND"]
[Date "2011.10.21"]
[Round "13"]
[White "Tiwari,Ar"]
[Black "Koshy,V"]
[Result "1/2-1/2"]
[WhiteElo "2324"]
[BlackElo "2279"]

1.e4 c5 2.Nc3 Nc6 3.Bb5 Nd4 4.Bc4 g6 5.Nf3 Bg7 6.Nxd4 cxd4 7.Qf3 Nf6 8.e5 dxc3
9.dxc3 Qc7 10.exf6 Bxf6 11.Bd5 O-O 12.Bf4 Be5 13.Bh6 Bg7 14.Bxg7 Kxg7 15.O-O-O e6
16.Bb3 d5 17.a4 Bd7 18.h4 h6 19.Rhe1 a6 20.c4 dxc4 21.Qc3+ Kg8 22.Bxc4 b5
23.Bf1 Qxc3 24.bxc3 Bc6 25.axb5 axb5 26.Rd6 Bd5 27.g3 Rab8 28.Kd2 Rfc8 29.Rb1 Bc4
30.Bd3 Rc5  1/2-1/2

[Event "1st Central Asia Cup"]
[Site "Tashkent UZB"]
[Date "2011.10.21"]
[Round "4.18"]
[White "Galyamov,V"]
[Black "Artemenko,O"]
[Result "1-0"]
[WhiteElo "2199"]
[BlackElo "2327"]

1.e4 c5 2.Nf3 Nc6 3.Nc3 g6 4.d4 cxd4 5.Nxd4 Bg7 6.Nde2 d6 7.g3 Nf6 8.Bg2 O-O
9.O-O Be6 10.Nd5 Nd7 11.Nef4 Nc5 12.Nxe6 fxe6 13.Nc3 Qb6 14.Kh1 Rac8 15.Ne2 Ne5
16.Nf4 Nc4 17.Qg4 Ne5 18.Qe2 Rf6 19.b3 Rcf8 20.Be3 Qc7 21.Rad1 b6 22.Bd4 Bh6
23.Nh3 R6f7 24.f4 Nc6 25.Bb2 Bg7 26.Bxg7 Kxg7 27.c3 Rf6 28.b4 Nd7 29.Qc4 b5
30.Qxb5 e5 31.f5 Nd8 32.Qd3 Nb6 33.g4 Qc4 34.Qg3 Na4 35.Rd3 Kg8 36.Rdf3 Nb2
37.Qh4 gxf5 38.gxf5 Nf7 39.Rg3+ Kh8 40.Qg4  1-0

[Event "33rd Arco Open"]
[Site "Arco ITA"]
[Date "2011.10.22"]
[Round "1"]
[White "Rivara,M"]
[Black "Maurer,F"]
[Result "0-1"]
[WhiteElo "1834"]
[BlackElo "2169"]

1.e4 c5 2.Nf3 Nc6 3.Nc3 g6 4.d4 cxd4 5.Nxd4 Bg7 6.Be3 Nf6 7.f3 O-O 8.Qd2 d5
9.Nxc6 bxc6 10.exd5 Nxd5 11.Nxd5 cxd5 12.c3 Qa5 13.Be2 e5 14.O-O Be6 15.Rfd1 Rab8
16.Kh1 Rfc8 17.f4 Rb7 18.fxe5 Bxe5 19.Bf3 Rd8 20.Bd4 Bxd4 21.cxd4 Qb6 22.b3 Rc7
23.Rac1 Rdc8 24.Rxc7 Rxc7 25.h3 a5 26.Qg5 Qd6 27.Qd2 Qb4 28.Qxb4 axb4 29.Rd2 h5
30.Kh2 Kg7 31.Kg3 Rc3 32.Kf4 Kf6 33.Kg3 g5 34.Kf2 g4 35.hxg4 hxg4 36.Bd1 g3+
37.Ke1 Rc1 38.Rc2 Ra1 39.Kd2 Bf5 40.Rc6+ Kg5 41.Bf3 Kf4 42.Bxd5 Rxa2+ 43.Kc1 Be4
44.Rf6+ Ke3 45.Bxe4 Kxe4 46.Rxf7 Rxg2 47.Rb7 Rf2  0-1

[Event "26th Reinis Open"]
[Site "Spijkenisse NED"]
[Date "2011.10.22"]
[Round "4.3"]
[White "Guliyev,N"]
[Black "Ikonnikov,Vy"]
[Result "0-1"]
[WhiteElo "2554"]
[BlackElo "2550"]

1.e4 c5 2.Nf3 Nc6 3.Nc3 e5 4.Bc4 Be7 5.d3 d6 6.Nd2 Bg5 7.Nf1 Bxc1 8.Rxc1 Nge7
9.Ne3 O-O 10.O-O Ng6 11.Ncd5 Nce7 12.c3 Nxd5 13.Nxd5 Be6 14.d4 cxd4 15.cxd4 a6
16.g3 Rc8 17.Qd2 Ne7 18.dxe5 dxe5 19.Qb4 Bxd5 20.exd5 Qd7 21.Bb3 Nf5 22.Qg4 g6
23.Bc2 Rfd8 24.Bxf5 Qxf5 25.Rxc8 Qxc8 26.Qe4 Qf5 27.Qc4 Qf3 28.Qc7 Qxd5 29.Re1 Re8
30.b3 h5 31.h4 e4 32.Qc3 Re6 33.Qe3 Kg7 34.Rc1 Qd3 35.Rc7 Qxe3 36.fxe3 b5
37.a4 Rd6 38.axb5 axb5 39.Re7 Rd3 40.Rxe4 Rxb3 41.Kf2 Rc3 42.Re7 Rc4 43.Rb7 b4
44.Rb6 Kf8 45.Kf3 Ke7 46.e4 Rc3+ 47.Kf4 b3 48.Rb7+ Ke6 49.Rb6+ Kd7 50.Rb7+ Kc6
51.Rb8 Kc5 52.g4 hxg4 53.Kxg4 Kc4 54.Rb7 f6 55.Rb6 Re3 56.Rxf6 b2 57.Rf1 Rxe4+
58.Kg5 Re6 59.Rf4+ Kb3 60.Rf3+ Ka2 61.Rf2 Ka1  0-1